| 000 | 00944nam a2200253 i 4500 | ||
|---|---|---|---|
| 001 | bg | ||
| 003 | BPK | ||
| 005 | 20200403103216.0 | ||
| 008 | 070608s1970 pl a f f |000 0 pol | ||
| 015 | _aPB 1971/1602 | ||
| 040 |
_aWA N _cBPK |
||
| 080 | _a621.01 | ||
| 080 | _a(075.8+076) | ||
| 245 | 0 | 0 |
_aZbiór zadań z części maszyn : _bpraca zbiorowa. _nCz. 2/3 / _c[współaut. Lech Biedrzycki et al.] ; pod red. Witolda Korewy. |
| 250 | _aWyd. 9. | ||
| 260 |
_aWarszawa ; _aŁódź : _bPaństwowe Wydawnictwo Naukowe. Oddział, _c1970. |
||
| 300 |
_a115, [2] s., [13] k. tabl. : _bil. ; _c23 cm. |
||
| 650 | 4 |
_aMaszyny _xbudowa i konstrukcje. |
|
| 655 | 4 | _aĆwiczenia i zadania dla szkół wyższych | |
| 700 | 1 |
_aKorewa, Witold _d(1899-1976) _eRedakcja |
|
| 700 | 1 |
_aBiedrzycki, Lech _eAutor |
|
| 856 |
_uhttp://koha.tu.koszalin.pl/cgi-bin/koha/opac-detail.pl?biblionumber=7097 _yKatalog online BPK |
||
| 942 |
_2UKD _cKS |
||
| 999 |
_c7097 _d7097 |
||